书目信息 |
| 题名: |
C-H键活化
|
|
| 作者: | 李刚 著 | |
| 分册: | ||
| 出版信息: | 沈阳 辽宁大学出版社 2020.01 |
|
| 页数: | 166页 | |
| 开本: | 24cm | |
| 丛书名: | ||
| 单 册: | ||
| 中图分类: | O621.13 | |
| 科图分类: | ||
| 主题词: | 有机化学--you ji hua xue--化学键 | |
| 电子资源: | ||
| ISBN: | 978-7-5610-9377-1 | |
| 000 | 00766nam0 2200229 450 | |
| 001 | 2054643895 | |
| 005 | 20201105151053.15 | |
| 010 | @a978-7-5610-9377-1@dCNY44.00 | |
| 100 | @a20200610d2020 em y0chiy50 ea | |
| 101 | 0 | @achi |
| 102 | @aCN@b210000 | |
| 105 | @aa a 000yy | |
| 200 | 1 | @aC-H键活化@AC-H jian huo hua@f李刚著 |
| 210 | @a沈阳@c辽宁大学出版社@d2020.01 | |
| 215 | @a166页@c图@d24cm | |
| 320 | @a有书目 | |
| 330 | @a本书分五章, 内容包括: 铜催化喹啉-N-氧化物的脱氢胺化 ; 铜催化喹啉-N-氧化物的亲电胺化 ; 无金属催化喹啉-N-氧化物的甲基化 ; 铜催化空气氧化2-苯基吡啶的脱氢胺化等。 | |
| 606 | 0 | @a有机化学@Ayou ji hua xue@x化学键 |
| 690 | @aO621.13@v5 | |
| 701 | 0 | @a李刚@Ali gang@4著 |
| 801 | 0 | @aCN@b人天书店@c20201005 |
| 905 | @aZUCC@dO621.13@eL162 | |
| C-H键活化/李刚著.-沈阳:辽宁大学出版社,2020.01 |
| 166页:图;24cm |
| ISBN 978-7-5610-9377-1:CNY44.00 |
| 本书分五章, 内容包括: 铜催化喹啉-N-氧化物的脱氢胺化 ; 铜催化喹啉-N-氧化物的亲电胺化 ; 无金属催化喹啉-N-氧化物的甲基化 ; 铜催化空气氧化2-苯基吡啶的脱氢胺化等。 |
| ● |
| 相关链接 |
|
|
|
正题名:C-H键活化
索取号:O621.13/L162
 
预约/预借
| 序号 | 登录号 | 条形码 | 馆藏地/架位号 | 状态 | 备注 |
| 1 | 1479619 | 214796194 | 自科库401/401自科库 63排4列1层/ [索取号:O621.13/L162] | 在馆 | |
| 2 | 1479620 | 214796201 | 自科库401/401自科库 63排4列1层/ [索取号:O621.13/L162] | 在馆 |